01411cam a22004214i 4500003000900000005001700009008004100026020001500067020001800082035002000100040003300120082002200153100002600175245009700201264007700298300004200375336002100417337002500438338002300463490003800486504004000524504003400564505015900598526001000757526001000767526001000777526001000787526000800797526000800805526000800813526000800821526000800829526000800837526000800845650004600853650002600899650006400925PE-LiUPU20250731172904.0170124s2016 xxu r b 001 0 eng d a0802873480 a9780802873484 a(Sirsi) a166402 aPE-LiUPUbspacPE-LiUPUerda04a254.1094bP112231 aPaas, Stefan,eautor.10aChurch planting in the secular west :blearning from the European experience /cStefan Paas. 1aGrand Rapids, Michigan :bWilliam B. Eerdmans Publishing Company,c2016. axii, 304 páginas ;c23 centimetros. atext2rdacontent aunmediated2rdamedia avolume2rdacarrier1 aThe Gospel and our culture series aBibliografía : páginas 266-289. aÍndices: páginas 290-304.0 aChurch planting and its reasons -- Planting better churches -- Planting more churches -- Planting new churches -- In defense of church planting in Europe. aSEG42 aSEG41 aSEG40 aSEG39 aP94 aP87 aP86 aP85 aP77 aP76 aP3504aDesarrollo de la Iglesia, NuevozEuropeo.04aSecularismozEuropeo.04aDesarrollo de la iglesia, Nuevo.2fast0(OCoLC) fst00860676